Application Of Vr Based Approach To Help Secondary Students In Performing Practical Activties / (Record no. 591033)

000 -LEADER
fixed length control field 00568nam a22001697a 4500
003 - CONTROL NUMBER IDENTIFIER
control field NUST
038 ## - RECORD CONTENT LICENSOR
Staff Name Nusrat Nadeem
082 ## - DEWEY DECIMAL CLASSIFICATION NUMBER
Classification number 200
100 ## - MAIN ENTRY--PERSONAL NAME
Personal name Sajjad, Maham
245 ## - TITLE STATEMENT
Title Application Of Vr Based Approach To Help Secondary Students In Performing Practical Activties /
Statement of responsibility, etc. Maham Sajjad
264 ## - PRODUCTION, PUBLICATION, DISTRIBUTION, MANUFACTURE, AND COPYRIGHT NOTICE
Place of production, publication, distribution, manufacture Islamabad :
Name of producer, publisher, distributor, manufacturer SEECS, NUST,
Date of production, publication, distribution, manufacture, or copyright notice 2022.
300 ## - PHYSICAL DESCRIPTION
Extent 81 p. ;
650 ## - SUBJECT ADDED ENTRY--TOPICAL TERM
Topical term or geographic name entry element MS-Innovative Technologies in Learning
700 ## - ADDED ENTRY--PERSONAL NAME
Personal name Supervisor: Nasir Mahmood
856 ## - ELECTRONIC LOCATION AND ACCESS
Uniform Resource Identifier <a href="http://10.250.8.41:8080/xmlui/handle/123456789/29977">http://10.250.8.41:8080/xmlui/handle/123456789/29977</a>
942 ## - ADDED ENTRY ELEMENTS (KOHA)
Source of classification or shelving scheme
Koha item type Soft Copy
Holdings
Withdrawn status Permanent Location Current Location Shelving location Date acquired Full call number Barcode Koha item type
  Central Library (CL) Central Library (CL) Thesis 08/16/2022 200 CL-T-6588 Soft Copy
© 2023 Central Library, National University of Sciences and Technology. All Rights Reserved.